| 000 | 00603nam a22002177a 4500 | ||
|---|---|---|---|
| 003 | OSt | ||
| 005 | 20231021123134.0 | ||
| 008 | 200310b ||||| |||| 00| 0 eng d | ||
| 020 | _a9788173198212 | ||
| 040 | _c040a | ||
| 082 | _a518 BHA 2004 | ||
| 100 | _4Bhat, R.B.; Chakraverty, S. | ||
| 245 | _aNumerical Analysis in Engineering | ||
| 250 | _aRev.ed. | ||
| 260 |
_aNew Delhi _bNarosa publishing house _c2004 |
||
| 300 |
_aix, 320p; _bill : _c22 cm. |
||
| 504 | _aIncludes bibliographical references and index | ||
| 650 | _2Numerical analysis | ||
| 650 | _2Engineering | ||
| 942 |
_2ddc _cO_SHELF |
||
| 999 |
_c6726 _d6726 |
||